Rupturas en el vértice : (Registro nro. 41146)
[ vista simple ]
| 000 -LEADER | |
|---|---|
| fixed length control field | 00826cam a2200217 i 4500 |
| 001 - CONTROL NUMBER | |
| control field | 41146 |
| 003 - CONTROL NUMBER IDENTIFIER | |
| control field | Mx-PuUPA |
| 005 - DATE AND TIME OF LATEST TRANSACTION | |
| control field | 20251023140551.0 |
| 008 - FIXED-LENGTH DATA ELEMENTS--GENERAL INFORMATION | |
| fixed length control field | 140415s2016 mx ad gr 000 0 spa d |
| 020 ## - INTERNATIONAL STANDARD BOOK NUMBER | |
| International Standard Book Number | 9786077690474 |
| 040 ## - CATALOGING SOURCE | |
| Transcribing agency | Mx-PuUPA |
| 041 0# - LANGUAGE CODE | |
| Language code of text/sound track or separate title | spa |
| 082 04 - DEWEY DECIMAL CLASSIFICATION NUMBER | |
| Classification number | xx |
| Item number | xx |
| Edition number | 23 |
| 100 1# - MAIN ENTRY--PERSONAL NAME | |
| Personal name | Reynoso, Víctor |
| Relator term | autor |
| 245 ## - TITLE STATEMENT | |
| Title | Rupturas en el vértice : |
| Remainder of title | análisis del partido acción nacional a partir de sus principales escisiones o salidas. desde su fundación hasta 2015 / |
| Statement of responsibility, etc. | Víctor Reynoso |
| 250 ## - EDITION STATEMENT | |
| Edition statement | Primera edición / |
| Remainder of edition statement | julio |
| 264 #1 - PRODUCTION, PUBLICATION, DISTRIBUTION, MANUFACTURE, AND COPYRIGHT NOTICE | |
| Place of production, publication, distribution, manufacture | San Andrés Cholula, Puebla, México : |
| Name of producer, publisher, distributor, manufacturer | Fundación Universidad de las Américas, Puebla, |
| Date of production, publication, distribution, manufacture, or copyright notice | ©2016 |
| 300 ## - PHYSICAL DESCRIPTION | |
| Extent | 440 páginas : |
| Other physical details | ilustraciones ; |
| Dimensions | 22 cm |
| 942 ## - ADDED ENTRY ELEMENTS (KOHA) | |
| Source of classification or shelving scheme | Dewey Decimal Classification |
| Koha item type | Libro |
| Classification part | xx |
| Item part | xx |
| Withdrawn status | Lost status | Source of classification or shelving scheme | Damaged status | Not for loan | Collection code | Home library | Current library | Shelving location | Date acquired | Source of acquisition | Total Checkouts | Full call number | Barcode | Date last seen | Date last checked out | Price effective from | Koha item type |
|---|---|---|---|---|---|---|---|---|---|---|---|---|---|---|---|---|---|
| Dewey Decimal Classification | En catalogación | General | Biblioteca Karol Wojtyla | Biblioteca Karol Wojtyla | Procesos técnicos | 03/12/2013 | Donación | xx | 62087 | 01/12/2014 | 01/12/2014 | 03/12/2013 | Libro |